Estatísticas para Capitais por duas primeiras letras em 90 segundos

Clique aqui para jogar o quiz

Estatísticas Gerais

  • Esse quiz foi jogado 12 408 vezes
  • A pontuação média é 94 de 196

Estatísticas das Respostas

PaísesCapitais% Correto
BélgicaBruxelas
90%
República do
Congo
Brazzaville
90%
BrasilBrasília
90%
EslováquiaBratislava
90%
BarbadosBridgetown
90%
PanamáCidade do
Panamá
86%
África do SulPretória,
Cidade do Cabo,
ou Bloemfontein
85%
AlemanhaBerlim
85%
SuíçaBerna
85%
SérviaBelgrado
85%
LíbanoBeirute
85%
BelizeBelmopan
85%
San MarinoSan Marino
81%
PortugalLisboa
79%
RomêniaBucareste
79%
MalawiLilongwe
79%
PeruLima
79%
GabãoLibreville
79%
EslovéniaLiubliana
79%
ArgentinaBuenos Aires
79%
HungriaBudapeste
79%
EspanhaMadrid
78%
Ilhas MarshallMajuro
78%
BahreinManama
78%
LesotoMaseru
78%
MoçambiqueMaputo
78%
MaldivasMalé
78%
NicaráguaManágua
78%
FilipinasManila
78%
OmãMascate
78%
Guiné EquatorialMalabo
78%
Estados
Federados da
Micronésia
Palikir
76%
SurinameParamaribo
76%
FrançaParis
76%
LibériaMonróvia
74%
RússiaMoscovo
74%
MônacoMonaco
74%
BenimPorto-Novo ou
Cotonou
74%
ComoresMoroni
74%
SomáliaMogadíscio
74%
UruguaiMontevidéu
74%
EgitoCairo
72%
AfeganistãoCabul
72%
VenezuelaCaracas
72%
Santa LúciaCastries
72%
NepalCatmandu
72%
AustráliaCamberra
72%
SudãoCartum
72%
VaticanoVaticano
69%
Costa RicaSan José
65%
Antígua e
Barbuda
Saint John's
65%
São Tomé e
Príncipe
São Tomé
65%
IémenSaná
65%
Bósnia e
Herzegovina
Sarajevo
65%
El SalvadorSan Salvador
65%
GranadaSaint George's
65%
República
Dominicana
Santo Domingo
65%
ChileSantiago
65%
BolíviaLa Paz ou Sucre
62%
DinamarcaCopenhaga
61%
GuinéConacri
61%
Trinidad e TobagoPort-of-Spain
60%
Reino UnidoLondres
59%
TogoLomé
59%
MéxicoMexico City
58%
ItáliaRoma
56%
TailândiaBanguecoque
56%
MaliBamako
56%
IraqueBagdá
56%
São Cristóvão
e Nevis
Basseterre
56%
BruneiBandar Seri
Begawan
56%
DominicaRoseau
56%
ColômbiaBogotá
56%
AzerbaijãoBaku
56%
GâmbiaBanjul
56%
República
Centro-Africana
Bangui
56%
BielorrússiaMinsk
56%
LituâniaVilnius
55%
LaosVientiane
55%
SeychellesVictoria
55%
ÁustriaViena
55%
CazaquistãoNursultan
52%
República
Democrática
do Congo
Kinshasa
52%
RuandaKigali
52%
ZâmbiaLusaka
51%
LuxemburgoLuxemburgo
51%
AngolaLuanda
51%
GuatemalaCidade da
Guatemala
51%
ChinaPequim
50%
AlbâniaTirana
50%
TurquiaAncara
47%
MadagáscarAntananarivo
47%
TajiquistãoDuchambé
47%
LiechtensteinVaduz
47%
IrlandaDublin
47%
PolôniaVarsóvia
47%
BulgáriaSofia
47%
KuweitKuweit
47%
AndorraAndorra-a-Velha
47%
MaltaValeta
47%
VanuatuPort Vila
45%
Papua Nova
Guiné
Port Moresby
45%
HaitiPorto Príncipe
45%
MontenegroPodgorica
45%
ChipreNicosia
45%
MauríciaPort Louis
45%
MoldáviaChișinău
45%
UzbequistãoTashkent
44%
TaiwanTaipé
44%
KiribatiTarawa
44%
EstôniaTallinn
44%
LetóniaRiga
44%
Arábia SauditaRiade
44%
EritreiaAsmara
43%
IslândiaReykjavík
43%
TurquemenistãoAsgabate
43%
ParaguaiAssunção
43%
JapãoTóquio
42%
SuazilândiaMbabane
41%
Estados UnidosWashington D.C.
41%
GréciaAtenas
41%
PalauNgerulmud
41%
BirmâniaNaypyidaw
40%
FinlândiaHelsínquia
39%
CroáciaZagreb
39%
Coréia do SulSeul
39%
BurundiGitega
38%
BahamasNassau
38%
QuêniaNairóbi
38%
Guiné-BissauBissau
37%
MalásiaKuala Lumpur
37%
SenegalDakar
37%
SíriaDamasco
37%
QuirguistãoBisqueque
37%
BangladeshDaca
37%
Coréia do NortePyongyang
36%
MauritâniaNouakchott
34%
GuianaGeorgetown
34%
EquadorQuito
34%
ÍndiaNova Deli
34%
Países BaixosAmesterdão
33%
JordâniaAmã
33%
Macedónia do
Norte
Escópia
32%
KosovoPristina
32%
Cabo VerdePraia
32%
IrãoTeerã
32%
HondurasTegucigalpa
32%
TanzâniaDodoma
32%
República ChecaPraga
32%
NígerNiamey
32%
CatarDoha
32%
UcrâniaKiev
30%
São Vicente e
Granadinas
Kingstown
30%
JamaicaKingston
30%
ArgéliaArgel
30%
SuéciaEstocolmo
30%
MarrocosRabat
29%
NoruegaOslo
28%
FijiSuva
28%
VietnameHanói
27%
ZimbábueHarare
27%
CubaHavana
27%
BotswanaGaborone
27%
Timor LesteDíli
27%
SingapuraSingapura
26%
TunísiaTunes
25%
IndonésiaJakarta
25%
NigériaAbuja
24%
Emirados Árabes
Unidos
Abu Dhabi
24%
TongaNukuʻalofa
23%
IsraelJerusalém
20%
CanadáOttawa
18%
Ilhas SalomãoHoniara
17%
UgandaKampala
17%
ArmêniaErevan
16%
TuvaluFunafuti
16%
Sri LankaKotte
16%
EtiópiaAdis Abeba
14%
GanaAccra
14%
Sudão do SulJuba
14%
Nova ZelândiaWellington
13%
LíbiaTrípoli
10%
SamoaApia
10%
PaquistãoIslamabad
10%
CamarõesYaoundé
9%
Costa do MarfimYamoussoukro
9%
NauruYaren
9%
CambojaPhnom Penh
7%
Serra LeoaFreetown
7%
ButãoThimbu
6%
NamíbiaWindhoek
5%
GeórgiaTbilisi
5%
DjiboutiDjibouti
4%
Burkina FasoOuagadougou
4%
MongóliaUlaanbaatar
4%
ChadeN'Djamena
3%

Distribuição das Pontuações

Percentil de Números Respondidos

Porcentagem de Pessoas com Cada Pontuação

Sua Pontuação Histórica

Você não jogou esse quiz